000 00765nas a2200265 4500
001 BR7600523
003 BR-BrBNA
005 20231205082903.0
007 ta
008 230509b bl.|||p| |||| 00| 00por d
040 _aBR-BrBNA
_bpor
_cBiblioteca Nacional de Agricultura
041 _a(Pt)
072 _aL40
100 1 _aOrsi, A.M.
100 1 _aDias, S.M.
100 1 _aSilva, P.P. e
100 1 _aAbreu, M.A.F. de
245 1 _aConsideracoes sobre os niveis de origem da arteria tiroidea cranial no gato (Felis domestica)
650 _aGATO
650 _aANATOMIA ANIMAL
650 _aARTERIA TIROIDEA
773 0 _tCientifica (Brazil)
_x
_g(1975), v. 3(2) p. 320-324
_wBR7600523
909 _a202311
_bLúcia
_c55
_dLúcia Elande
942 _2AGRIS
_n0
_cANA
999 _c94868
_d94868